Szczegóły MARC21

MS Access 2.0 : system, oblicze, ku aplikacjom : [wersja polska] /

003 -Nazwa inst., której nr kontr. jest w polu 001 [,]
    • @
    • Nazwa instytucji, której n kontrolny jest w polu 001
    • NUKAT
005 -DATA I CZAS OSTATNIEJ MODYFIKACJI [,]
    • @
    • pole kontrolne
    • 20241231114410.0
020 -Międzynarod. znormalizowany nr książki - ISBN [ , ]
    • a
    • Numer ISBN
    • 8386343303 Find
040 -Instytucja sporządzająca opis [ , ]
    • a
    • Instytucja, która sporządziła opis (NP)
    • KAT U/MK
    • c
    • Instytucja, która sporządziła rekord (NP)
    • KAT U/MK
    • d
    • Instytucja, która zmodyfikowała rekord (P)
    • KAT U/TKs
942 -Rodzaj dokumentu [ , ]
    • c
    • Rodzaj dokumentu
    • Książka
100 -Hasło główne - nazwa osobowa [1, ]
    • a
    • Nazwa osobowa (NP)
    • Boratyn, Dariusz
    • d
    • Daty biograficzne (NP)
    • (1964- ).
    • 9
    • KHW
    • 82323
245 -Strefa tytułu i oznaczenia odpowiedzialności [1,0]
    • a
    • Tytuł
    • MS Access 2.0 : Find
    • b
    • Ciąg dalszy tytułu (NP)
    • system, oblicze, ku aplikacjom : [wersja polska] / Find
    • c
    • Pozostałe elementy strefy tytułu i oznaczenia odpowiedzialności (NP)
    • Dariusz Boratyn.
246 -Wariant tytułu [3,8]
    • a
    • Tytuł (NP)
    • MS Access 2.0 po polsku
260 -Strefa adresu wydawniczego [ , ]
    • a
    • Miejsce wydania (P)
    • Wrocław :
    • b
    • Nazwa wydawcy (P)
    • Croma,
    • c
    • Data wydania (P)
    • 1995.
300 -Strefa opisu fizycznego [ , ]
    • a
    • Określenie formy książki i/lub objętość (NP)
    • 538 s. :
    • b
    • Oznaczenie ilustracji (NP)
    • il. ;
    • c
    • Format (NP)
    • 24 cm +
    • e
    • Oznaczenie dokumentu towarzyszącego (NP)
    • dyskietka.
336 -Typ zawartości [ , ]
    • a
    • Termin opisujący typ zawartości
    • Tekst
    • b
    • Kod określający zawartość
    • txt
    • 2
    • Źródło (terminu i kodu)
    • rdacontent
337 -Typ mediów [ , ]
    • a
    • Tryb odtwarzania
    • Bez urządzenia pośredniczącego
    • b
    • Kod typu mediów
    • n
    • 2
    • Źródło (terminu i kodu)
    • rdamedia
338 -Typ/rodzaj nośnika [ , ]
    • a
    • Hasło opisujące typ nośnika
    • Wolumin
    • b
    • Kod typu nośnika
    • nc
    • 2
    • Źródło (terminu i kodu)
    • rdacarrier
490 -Strefa serii i książki wielotomowej - forma nie do wyszukiwania [1, ]
    • a
    • Tytuł (P)
    • Komputer Zmienia Oblicze Find
830 -Hasło dodatkowe serii i opisu książki wielotomowej - tytuł ujednolicony/tytuł [ ,0]
    • a
    • Tytuł ujednolicony/tytuł (NP)
    • Komputer Zmienia Oblicze
    • 9
    • KHW
    • 82324
500 -Uwaga ogólna [ , ]
    • a
    • Uwaga ogólna (NP)
    • Dyskietka zawiera m.in.: faktury, rachunki, rozliczenia Vat-u.
504 -Uwaga dot. bibliogr. załącznikowej [ , ]
    • a
    • Uwaga dot. bibliografii załącznikowej
    • Indeks.
080 -Uniwersalna Klasyfikacja Dziesiętna [ , ]
    • a
    • Symbol klasyfikacji
    • 004.65
    • 9
    • UKD
    • 2120
    • 2
    • Identyfikator wydania tablic
    • UDC-P058
    • b
    • Dopowiedzenie
    • Systemy zarządzania bazą danych (DBMS).
650 -Hasło przedmiotowe [ ,7]
    • a
    • Hasło przedmiotowe
    • Microsoft Access (oprogramowanie).
    • 2
    • Źródło terminu
    • kaba
    • 9
    • KHW
    • 119205
980 -Symbol UKD [ , ]
    • a
    • UKD
    • 004.65
710 -Hasło dodatkowe - nazwa ciała zbiorowego [2, ]
    • a
    • Nazwa ciała zbiorowego lub nazwa geograficzna jako pierwszy element (NP)
    • Wydawnictwo Croma.
    • 4
    • Kod relacji
    • pbl
    • 9
    • KHW
    • 82447
920 -ISBN [ , ]
    • a
    • ISBN
    • 83-86343-30-3 Find
Data inwentaryzacji Lokalizacja Numer inwentarzowy Sygnatura Status udost.
1996-01-22BEE.63444 -2
2000-11-17BES.87196 -3
1996-01-22BGZ.87423Z.874231
1996-01-22TTS.78284TS.78284-11
2001-03-29TT.5013 -3